Business Tax Provisions that Benefit Persons with Disabilities.

Examines available tax provisions designed to either help businesses in making their facilities available to the handicapped or to promote the hiring of handicapped persons.

Bibliographic Details
Corporate Authors: Library of Congress. Congressional Research Service, ProQuest (Firm)
Format: eBook
Language:English
Published: [Place of publication not identified] : [publisher not identified], 1997.
Series:U.S. Congressional Research.
Subjects:
Online Access:Connect to the full text of this electronic book

MARC

Tag First Indicator Second Indicator Subfields
LEADER 00000cam a22000001a 4500
001 in00003351321
006 m d f
007 cr bn mmmapmmp
008 100717s1997 dcu o f000 0 eng d
005 20260429203542.5
035 |a cis2007891092 
040 |a ProQuest  |c ProQuest  |d UtOrBLW 
043 |a n-us--- 
099 |a CRS-1997-ECN-0073 
110 2 |a Library of Congress.  |b Congressional Research Service. 
245 1 0 |a Business Tax Provisions that Benefit Persons with Disabilities. 
264 1 |a [Place of publication not identified] :  |b [publisher not identified],  |c 1997. 
300 |a 1 online resource. 
336 |a text  |b txt  |2 rdacontent 
337 |a computer  |b c  |2 rdamedia 
338 |a online resource  |b cr  |2 rdacarrier 
500 |a Record is based on bibliographic data in ProQuest U.S. Congressional Research Digital Collection (last viewed July 2010). Reuse except for individual research requires license from ProQuest, LLC. 
500 |a CRS Report. 
520 |a Examines available tax provisions designed to either help businesses in making their facilities available to the handicapped or to promote the hiring of handicapped persons. 
500 |a Electronic resource. 
610 1 0 |a United States.  |t Laws, etc. (Statutes of the United States) 
650 0 |a People with disabilities. 
650 0 |a Tax incentives. 
655 7 |a Electronic books.  |2 local 
710 2 |a ProQuest (Firm) 
776 0 8 |i Microfiche version:   |a Library of Congress. Congressional Research Service.  |t Business Tax Provisions that Benefit Persons with Disabilities 
830 0 |a U.S. Congressional Research. 
856 4 0 |u http://proxy.library.tamu.edu/login?url=https://congressional.proquest.com/congcomp/getdoc?CRDC-ID=CRS-1997-ECN-0073  |z Connect to the full text of this electronic book  |t 0 
999 |a MARS 
999 f f |s 60d37f14-4b03-3566-a96f-5fbb50c2d1bc  |i 47b4c829-45c0-3a34-9281-3b965007572e  |t 0 
952 f f |a Texas A&M University  |b College Station  |c Electronic Resources  |s www_evans  |d Available Online  |t 0  |e CRS-1997-ECN-0073  |h Other scheme 
998 f f |a CRS-1997-ECN-0073  |t 0  |l Available Online